000
00252nam a2200109Ia 4500
008
220204s9999 xx 000 0 und d
082
_a
82-3
_b
CAR;1
100
_a
Carter, Nick
245
0
_a
Massacre in Milan
260
_a
Bombay
_b
IBH
_c
1978
942
_c
BK
999
_c
31076
_d
31076